000 01185nas a2200397 4500
001 BR2012007005
003 BR-BrBNA
005 20231205121224.0
007 ta
008 230509b bl.|||p| |||| 00| 00por d
040 _aBR-BrBNA
_bpor
_cBiblioteca Nacional de Agricultura
041 _a(Pt)
072 _aF01; F04
100 1 _aZago, V.C.P.
100 1 _aEvangelista, M.R.
100 1 _aAlmeida, D.L.
100 1 _aGuerra, J.G.M.
100 1 _aRumjanek, N.G.
100 1 _aNeves, M.C.P.
245 1 _aInfluência de diferentes fontes e doses de adubos nitrogenados nos teores de N-nitrato e na produtividade de alface
650 _aAGRICULTURA
650 _aPRODUÇÃO VEGETAL
650 _aADUBAÇÃO
650 _aMATÉRIA ORGÂNICA
650 _aESTERCO
650 _aURÉIA
650 _aFERTILIZANTE NITROGENADO
650 _aPRODUTIVIDADE
650 _aHORTALIÇA FOLHOSA
650 _aALFACE
650 _aANÁLISE COMPARATIVA
650 _aSAÚDE PÚBLICA
773 0 _tScientia Agraria Paranaensis (Brazil)
_xISSN 1677-4310
_g(2008), v. 7(1-2) p. 15-24
_wBR2012007005
909 _a202311
_bLúcia
_c55
_dLúcia Elande
942 _2AGRIS
_n0
_cANA
999 _c222406
_d222406